| 000 | 00765cam a2200253 i 4500 | ||
|---|---|---|---|
| 001 | 26535 | ||
| 003 | BD-RjUL | ||
| 005 | 20211209051030.0 | ||
| 008 | 140322s1972 ii b 001 0 eng | ||
| 035 | _a(BD-RjUL) | ||
| 040 |
_aDLC _cDLC _dDLC _dBD-RjUL _beng |
||
| 041 | _aeng | ||
| 082 | 0 | 0 |
_a954.029 _bCHP 1972 |
| 100 | 1 |
_aChandra, Satish, _d1922- _942555 |
|
| 245 | 1 | 0 |
_aParties and politics at the Mughal Court, 1707-1740 / _cby Satish Chandra. |
| 250 | _a2d ed. | ||
| 260 |
_aNew Delhi : _bPeople's Pub. House, _c1972. |
||
| 300 |
_alii, 323 p. ; _c25 cm. |
||
| 504 | _aIncludes Bibliography: p. [274]-281 and index. | ||
| 651 | 0 |
_aMogul Empire _xPolitics and government. _979168 |
|
| 942 |
_2ddc _cBK |
||
| 999 |
_c26535 _d26535 |
||